000 00398 a2200145 4500
005 20250516103602.0
020 _a03-068970-8
082 _a658. 403 GLA
100 _aGLANS, T. B.
245 _aManagement Systems
260 _aNew York,
_bHolt,
_c1968
300 _axv, 430p.: ill.; figure, table.
_bIndex.
_c26cm.
700 _aGRAD, B, HPLSTEIN, D, MEYERS, W. E. & SCHMID, R. N.
942 _2ddc
_cBKS
999 _c2386
_d2386